| 000 | 01588nam a2200337 a 4500 | ||
|---|---|---|---|
| 003 | DO-SdBNP | ||
| 005 | 20220302093928.0 | ||
| 008 | 140324s2012 dr 000 0 spa d | ||
| 020 | _a9789945412697 | ||
| 040 |
_aDO-SdBNP _bspa _cBPMSU |
||
| 082 |
_aRD864.5 _bP925p, 2012 |
||
| 111 | 2 |
_aPremio Ensayo Pedro Francisco Bonó _d(2012 : _cSanto Domingo) |
|
| 245 | 1 | 0 | _aPremio de ensayo Pedro Francisco Bonó. |
| 260 |
_aSanto Domingo : _bFUNGLODE, _c2012. |
||
| 300 |
_a276 p. ; _c26 cm. |
||
| 490 | 0 | _aPremios FUNGLODE /GFDD 2011 Ensayo | |
| 504 | _aBibliografía : p. 275 -276 | ||
| 505 | 0 |
_gPrimer lugar : _tUna centuria tocando acordeón ; _tDe Ñico Lora a Tatico Henríquez / _rPedro Carreras Aguilera -- _gSegundo lugar : _tAntropología del semáforo ; _tEl comercio internacional de Santo Domingo / _rBismar Galán -- _gTercer lugar : _tAntihéroes onettianos ; _tHabitantes de proyectos fallidos / _rReynaldo Chevelier |
|
| 586 | _aPremios FUNGLODE /GFDD 2011 | ||
| 590 | _6Inventariado, 2022/VM | ||
| 650 | 4 | _aEnsayos dominicanos | |
| 650 | 4 | _aLiteratura dominicana. | |
| 650 | 4 | _aPremios literarios | |
| 650 | 4 | _aCertámenes literarios | |
| 700 | 1 |
_aCarreras Aguilera, Pedro. _tUna centuria tocando acordeón ; De Ñico Lora a Tatico Henríquez |
|
| 700 | 1 |
_aGalán, Bismar. _tAntropología del semáforo ; El comercio internacional de Santo Domingo |
|
| 700 | 1 | 2 |
_aChevalier, Reynaldo. _tAntihéroes onettianos ; Habitantes de proyectos fallidos |
| 710 | 2 | _aFundación Global Democracía y Desarrollo (República Dominicana) | |
| 910 | _aVMateo V. | ||
| 942 |
_2ddc _cBK |
||
| 999 |
_c13565 _d13565 |
||